| 000 | 01068nas a2200349 4500 | ||
|---|---|---|---|
| 001 | BR2011007693 | ||
| 003 | BR-BrBNA | ||
| 005 | 20231205115229.0 | ||
| 007 | ta | ||
| 008 | 230509b bl.|||p| |||| 00| 00por d | ||
| 040 |
_aBR-BrBNA _bpor _cBiblioteca Nacional de Agricultura |
||
| 041 | _a(Pt) | ||
| 072 | _aF01; Q02 | ||
| 100 | 1 | _aGomes, C.S. | |
| 100 | 1 | _aSilva, J.C. | |
| 100 | 1 | _aPereira, L.L. | |
| 100 | 1 | _aChaves, E.M.G. | |
| 100 | 1 | _aMoraes, J. de | |
| 245 | 1 | _aAnálise microbiológica de hortaliças cultivadas pelos processos convencional e hidropônico comercializadas em Guarulhos, SP | |
| 650 | _aALFACE | ||
| 650 | _aLACTUCA SATIVA | ||
| 650 | _aCHICORIA | ||
| 650 | _aERUCA SATIVA | ||
| 650 | _aANÁLISE MICROBIOLÓGICA | ||
| 650 | _aCONTAMINAÇÃO | ||
| 650 | _aSAÚDE PÚBLICA | ||
| 650 | _aCULTIVO HIDROPÔNICO | ||
| 650 | _aSÃO PAULO | ||
| 773 | 0 |
_tHigiene Alimentar (Brazil) _xISSN 0101-9171 _g(May-Jun 2011), v. 25(196-197) p. 159-166 _wBR2011007693 |
|
| 909 |
_a202311 _bLúcia _c55 _dLúcia Elande |
||
| 942 |
_2AGRIS _n0 _cANA |
||
| 999 |
_c212723 _d212723 |
||